| 000 | 00937nas a2200301 4500 | ||
|---|---|---|---|
| 001 | BR0901193 | ||
| 003 | BR-BrBNA | ||
| 005 | 20231205113156.0 | ||
| 007 | ta | ||
| 008 | 230509b bl.|||p| |||| 00| 00por d | ||
| 040 |
_aBR-BrBNA _bpor _cBiblioteca Nacional de Agricultura |
||
| 041 | _a(En) | ||
| 072 | _aL51; L40 | ||
| 100 | 1 | _aOliveira, M.C. | |
| 100 | 1 | _aRodrigues, E.A. | |
| 100 | 1 | _aMarques, R.H. | |
| 100 | 1 | _aGravena, R.A. | |
| 100 | 1 | _aGuandolini, G.C. | |
| 100 | 1 | _aMoraes, V.M.B. | |
| 245 | 1 | _aPerformance and morphology of intestinal mucosa of broilers fed mannan-oligosaccharides and enzymes | |
| 650 | _aFRANGO DE CORTE | ||
| 650 | _aENZIMA | ||
| 650 | _aNUTRIÇÃO | ||
| 650 | _aPERFORMANCE | ||
| 773 | 0 |
_tArquivo Brasileiro de Medicina Veterinária e Zootecnia (Brazil) _xISSN 0102-0935 _g(Apr 2008), v. 60(2) p. 442-448 _wBR0901193 |
|
| 909 |
_a202311 _bLúcia _c55 _dLúcia Elande |
||
| 942 |
_2AGRIS _n0 _cANA |
||
| 999 |
_c202290 _d202290 |
||